Criminalización de la protesta y de los movimientos sociales /
Saved in:
| Main Author: | |
|---|---|
| Other Authors: | |
| Format: | Text |
| Published: |
Sao Paulo:
Instituro Rosa Luxemburg Stiftung. Rede Social de Justica e Direitos Humanos
|
| Tags: |
Add Tag
No Tags, Be the first to tag this record!
|
MARC
| LEADER | 00000 a a2200000 04500 | ||
|---|---|---|---|
| 001 | 39595 | ||
| 003 | |||
| 040 | |||
| 090 | |a 0007 B931c | ||
| 100 | |a Buhl, Kathrin | ||
| 245 | |a Criminalización de la protesta y de los movimientos sociales / |c Kathrin Buhl | ||
| 260 | |a Sao Paulo: |b Instituro Rosa Luxemburg Stiftung. Rede Social de Justica e Direitos Humanos | ||
| 300 | |a 256 p. |b il. | ||
| 700 | |a org. |a Korol, Claudia |a org. | ||
| 999 | |c 11766 |d 11766 | ||
